书目信息 |
| 题名: |
中国节俗文化
|
|
| 作者: | 燕小雨 , 歌斐木 主编 | |
| 分册: | ||
| 出版信息: | 北京 外文出版社 2010 |
|
| 页数: | 245页 | |
| 开本: | 24cm | |
| 丛书名: | ||
| 单 册: | ||
| 中图分类: | K892.1 | |
| 科图分类: | ||
| 主题词: | 节日--风俗习惯--中国 , 节日 , 风俗习惯 | |
| 电子资源: | ||
| ISBN: | 978-7-119-06562-5 | |
| 000 | 00970nam0 2200277 45 | |
| 001 | 1133472703 | |
| 005 | 20110413093351.81 | |
| 010 | @a978-7-119-06562-5@dCNY23.80 | |
| 100 | @a20110406d2010 em y0chiy50 ea | |
| 101 | 0 | @achi |
| 102 | @aCN@b110000 | |
| 105 | @aa z 000yy | |
| 106 | @ar | |
| 200 | 1 | @a中国节俗文化@AZhong Guo Jie Su Wen Hua@f燕小雨,尚论聪主编@FYan Xiao Yu, Shang Lun Cong Zhu Bian@g丛书编委会编纂 |
| 210 | @a北京@c外文出版社@d2010 | |
| 215 | @a245页@c图@d24cm | |
| 300 | @a大中国上下五千年/何跃青主编 | |
| 330 | @a本书以大量图片,多角度地向读者展现了中国节日文化的特点,举凡生产活动、衣食住行、人生礼仪、文化娱乐等,让读者在走进中国节日的同时,了解到流传至今的节日风俗。 | |
| 606 | 0 | @a节日@x风俗习惯@y中国 |
| 606 | 0 | @a节日 |
| 606 | 0 | @a风俗习惯 |
| 690 | @aK892.1@v4 | |
| 701 | 0 | @a燕小雨@AYan Xiao Yu@4主编 |
| 701 | 0 | @a歌斐木@AGe Fei Mu@f(1981~)@4主编 |
| 801 | 0 | @aCN@bTANGWEI@c20110413 |
| 905 | @b0533444-48@dK892.1@e163@f5 | |
| 中国节俗文化/燕小雨,尚论聪主编/丛书编委会编纂.-北京:外文出版社,2010 |
| 245页:图;24cm |
| 大中国上下五千年/何跃青主编 |
| ISBN 978-7-119-06562-5:CNY23.80 |
| 本书以大量图片,多角度地向读者展现了中国节日文化的特点,举凡生产活动、衣食住行、人生礼仪、文化娱乐等,让读者在走进中国节日的同时,了解到流传至今的节日风俗。 |
| ● |
| 相关链接 |
|
|
|
|
正题名:中国节俗文化
索取号:K892.1/163
 
预约/预借
| 序号 | 登录号 | 条形码 | 馆藏地/架位号 | 状态 | 备注 |
| 1 | 0533444 | 205334440 | 第二样本阅览室/ [索取号:K892.1/163] | 在馆 | |
| 2 | 0533445 | 205334459 | 第二借阅区/ [索取号:K892.1/163] | 在馆 | |
| 3 | 0533446 | 205334468 | 第二借阅区/ [索取号:K892.1/163] | 在馆 | |
| 4 | 0533447 | 205334477 | 第二借阅区/ [索取号:K892.1/163] | 在馆 | |
| 5 | 0533448 | 205334486 | 第二借阅区/ [索取号:K892.1/163] | 在馆 |